College youth: challenge and response (Record no. 41038)
[ view plain ]
| 000 -LEADER | |
|---|---|
| fixed length control field | 00634nam a2200157Ia 4500 |
| 008 - FIXED-LENGTH DATA ELEMENTS--GENERAL INFORMATION | |
| fixed length control field | 210323s9999||||xx |||||||||||||| ||und|| |
| 040 ## - CATALOGING SOURCE | |
| Transcribing agency | STCPL |
| 082 ## - DEWEY DECIMAL CLASSIFICATION NUMBER | |
| Classification number | 305.23 |
| Item number | LAK-C |
| 100 ## - MAIN ENTRY--PERSONAL NAME | |
| Personal name | Lakshminarayana H D |
| 245 #0 - TITLE STATEMENT | |
| Title | College youth: challenge and response |
| 260 ## - PUBLICATION, DISTRIBUTION, ETC. | |
| Place of publication, distribution, etc. | Trivandrum |
| Name of publisher, distributor, etc. | Mittal Publications |
| Date of publication, distribution, etc. | 1955 |
| 300 ## - PHYSICAL DESCRIPTION | |
| Extent | P- 95 21 CM |
| 650 ## - SUBJECT ADDED ENTRY--TOPICAL TERM | |
| Topical term or geographic name entry element | Social Stratification (Social Structure)Young PeopleSOCIETY AND THE INDIVIDUAL, SOCIAL RELATIONS NATIONAL RELATIONS, CIVIL RIGHTS, SOCIAL RIGHTS ECONOMIC RIGHTS, MAN AND NATURE EVERYDAY LIFE, LIVING STANDARDS, CULTURE, SPORTS SOVIET EXPERIENCE |
| 942 ## - ADDED ENTRY ELEMENTS (KOHA) | |
| Koha item type | Books |
| 041 ## - LANGUAGE CODE | |
| Language code of original | English |
| Withdrawn status | Lost status | Damaged status | Not for loan | Home library | Current library | Shelving location | Date acquired | Cost, normal purchase price | Total Checkouts | Full call number | Barcode | Date last seen | Price effective from | Koha item type |
|---|---|---|---|---|---|---|---|---|---|---|---|---|---|---|
| ST. THOMAS COLLEGE LIBRARY, PALAI | ST. THOMAS COLLEGE LIBRARY, PALAI | 2021-07-10 | 55.00 | 305.23 LAK-C | 49220 | 2021-07-10 | 2021-07-10 | Books |
